Normal view
MARC view
Entry Topical Term
001 - CONTROL NUMBER
- control field: 53340
003 - CONTROL NUMBER IDENTIFIER
- control field: OSt
005 - DATE AND TIME OF LATEST TRANSACTION
- control field: 20160422130953.0
008 - FIXED-LENGTH DATA ELEMENTS
- fixed length control field: 160422|| aca||aabn | a|a d
040 ## - CATALOGING SOURCE
- Original cataloging agency: OSt
- Transcribing agency: OSt
150 ## - HEADING--TOPICAL TERM
- Topical term or geographic name entry element: Literature
670 ## - SOURCE DATA FOUND
- Source citation: Work cat.: (OSt)10944: गोस्वामी श्रवण कुमार 53339, हमारी मांग पूरी करो , 1999









